Focus sur: Barahir - Tolkien - Statistiques

Statistiques générales
  • Ce quiz a été pris 9 fois
  • Le résultat moyen est 7 sur 15
Statistiques - réponses
Informations recherchées Réponses % Correct
Espèce Homme
100%
Couleur des cheveux Noir
100%
Maison (lignée) Peuple de {Bëor}
100%
Age durant lequel il vécut Premier
100%
Profession et titre Seigneur de la maison de Bëor
100%
Première mention Le Silmarillion
89%
Fils Beren
44%
Contrée Dorthonion
33%
Père Bregor
22%
Sœurs Bregil
0%
Frère Bregolas
0%
Epouse Emeldir
0%
Gilwen
0%
Fille Hiril
0%
Hirwen
0%
Aucun quiz correspondant
Distribution des résultats
% des personnes avec chaque résultat
Percentile par nombre de réponses
Votre historique - résultats
Vous n’avez pas pris ce quiz